000 00572nam a2200181 i 4500
001 38701
003 ES-MaACL
005 20231205191406.0
007 t|
008 030226s1934 sp ||||1| spa d
100 1 _aCamón Aznar, José,
_d1898-1979
_934095
245 1 3 _aEl héroe
_b: tragedia /
_cJosé Camón Aznar ; prólogo de Miguel Unamuno.
260 _aMadrid :
_b[s.n.,
_c1934] (
_fArtes Gráf. Municipales)
300 _a165 p. ;
_c30 cm.
700 1 _aUnamuno, Miguel de,
_d1864-1936
_9111982
852 _aES-MaACL
_jA-2697
999 _c38701
_d38701